No indemnity costs for landlord (Record no. 447)

MARC details
000 -LEADER
fixed length control field 00734cab a2200181 4500
001 - CONTROL NUMBER
control field WB2802-15
008 - FIXED-LENGTH DATA ELEMENTS--GENERAL INFORMATION
fixed length control field 090401t1991 xxu||||| |||| 00| 0 eng d
035 ## - SYSTEM CONTROL NUMBER
System control number (Sirsi) u815
041 ## - LANGUAGE CODE
Language code of text/sound track or separate title eng
245 ## - TITLE STATEMENT
Title No indemnity costs for landlord
260 ## - PUBLICATION, DISTRIBUTION, ETC.
Date of publication, distribution, etc. 1991
350 ## - PRICE (NR) (BK AM CF MU VM SE) [OBSOLETE]
Price 0
490 ## - SERIES STATEMENT
Series statement Times
Volume/sequential designation 31 December 1991, 28(1)
520 ## - SUMMARY, ETC.
Summary, etc. "Copall v Fryxell", QBD 13 December 1991. Consideration shown by a landlord during removal of a tenant for the benefit of neighbouring tenants and without financial interest was not sufficient reason to order indemnity costs to the landlord, following the example of the judgment in "Billson v Residential Apartments".
690 ## - LOCAL SUBJECT ADDED ENTRY--TOPICAL TERM (OCLC, RLIN)
Topical term or geographic name as entry element LANDLORD AND TENANT-CASE LAW
942 ## - ADDED ENTRY ELEMENTS (KOHA)
Suppress in OPAC 0
948 ## - LOCAL PROCESSING INFORMATION (OCLC); SERIES PART DESIGNATOR (RLIN)
c (OCLC) 04/03/1997
Holdings
Withdrawn status Lost status Source of classification or shelving scheme Damaged status Not for loan Home library Current library Shelving location Date acquired Total Checkouts Full call number Barcode Date last seen Copy number Price effective from Koha item type
    Dewey Decimal Classification     London London Journal article 14/09/1999   WB2802-15 815-1001 06/08/2019 1 06/08/2019 Law report